000
00262nam a22001217a 4500
003
SGT
082
_a
519.5, HOO
100
_a
HOODA,R.P.
245
_a
STATISTICS FOR BUSINESS AND ECONOMICS
250
_a
5th
260
_a
NEW DELHI
_b
VIKAS
_c
2013
942
_2
ddc
_c
CD
999
_c
10877
_d
10877